000 00301nam a22001337a 4500
008 181107b xxu||||| |||| 00| 0 eng d
020 _a9780521805391
041 _aeng
080 _a540
100 _a12
101 _aKIM
245 _aChemistry and Life Science
_cThompson,J.M.T
942 _2udc
_cBK
999 _c52119
_d52119